Statistiques concernant Les zones des jeux Pokepark

Cliquez ici pour prendre le quiz!

Statistiques générales

  • Ce quiz a été pris 11 fois
  • Le résultat moyen est 9 sur 16

Statistiques - réponses

Maître/Sage/Gérant d'Attraction de la ZoneZone% Correct
BraségaliZone Ardente
100%
Pingoléon/Leviator/AligatueurZone Balnéaire
100%
PingoléonZone Glaciaire
100%
MotismaZone Hantée
100%
FlorizarreZone Végétale
100%
RayquazaFleurie
86%
RayquazaRocheuse
86%
BraségaliZone Enfouie
86%
BétochefZone Usinière
29%
MajaspicZone Boisée
14%
ClamiralZone Côtière
14%
RoitiflamZone Escarpée
14%
Sidérella/TranchodonZone Fureur
14%
LugulabreZone Glamour
14%
TutankaferZoen Douceurs
0%
CrypteroZone Merveilles
0%

Distribution des résultats

Percentile par nombre de réponses

% des personnes avec chaque résultat

Votre développement - résultats

Vous n’avez pas pris ce quiz